SOCIOLOGIA DE LAS ENFERMEDADES MENTALES (Registro nro. 17431)
[ vista simple ]
| 000 -LEADER | |
|---|---|
| fixed length control field | 00501nam a2200193 a 4500 |
| 001 - CONTROL NUMBER | |
| control field | 17431 |
| 005 - DATE AND TIME OF LATEST TRANSACTION | |
| control field | 20180713210554.0 |
| 008 - FIXED-LENGTH DATA ELEMENTS--GENERAL INFORMATION | |
| fixed length control field | 140415s1988 mx 000 0 spa d |
| 020 ## - INTERNATIONAL STANDARD BOOK NUMBER | |
| International Standard Book Number | 9682300711 |
| 041 ## - LANGUAGE CODE | |
| Language code of text/sound track or separate title | spa |
| 082 ## - DEWEY DECIMAL CLASSIFICATION NUMBER | |
| Classification number | 301 |
| Item number | BAS |
| 100 1# - MAIN ENTRY--PERSONAL NAME | |
| Personal name | BASTIDE, ROGER |
| 245 10 - TITLE STATEMENT | |
| Title | SOCIOLOGIA DE LAS ENFERMEDADES MENTALES |
| 250 ## - EDITION STATEMENT | |
| Edition statement | 10A ED. |
| 260 ## - PUBLICATION, DISTRIBUTION, ETC. | |
| Place of publication, distribution, etc. | MEXICO : |
| Name of publisher, distributor, etc. | SIGLO VEINTIUNO EDITORES, |
| Date of publication, distribution, etc. | 1988 |
| 300 ## - PHYSICAL DESCRIPTION | |
| Extent | 364 |
| 650 14 - SUBJECT ADDED ENTRY--TOPICAL TERM | |
| Topical term or geographic name entry element | SOCIOLOGIA |
| 700 1# - ADDED ENTRY--PERSONAL NAME | |
| Personal name | SUAREZ, ARMANDO |
| Relator term | tr. |
| Withdrawn status | Lost status | Source of classification or shelving scheme | Damaged status | Not for loan | Collection code | Home library | Current library | Shelving location | Date acquired | Source of acquisition | Inventory number | Total Checkouts | Full call number | Barcode | Date last seen | Date last checked out | Price effective from | Koha item type |
|---|---|---|---|---|---|---|---|---|---|---|---|---|---|---|---|---|---|---|
| Dewey Decimal Classification | General | Biblioteca Karol Wojtyla | Biblioteca Karol Wojtyla | Sala general | 03/12/2013 | Compra | 151000000000000000058069 | 1 | 301 BAS | 35599 | 05/01/2026 | 03/10/2022 | 03/12/2013 | Libro |